01014cam a2200289 a 450000100060000000300080000600500170001400800410003102000170007202000220008903500190011104000290013004100080015908200180016710000500018524500560023526000460029130000330033749000600037050400260043065000310045683000190048783000550050694200120056199900170057395201340059011754BD-RjUL20211208235158.0140127r19791977enka b 000 0 eng d a0713126507 : a0713126515 (pbk.) a(BD-RjUL)11803 aLCbengcLCdLCdBD-RjUL aeng00a575bEDE 19791 aEdwards, Kenneth John Richards,d1934-93639210aEvolution in modern biology /cby K. J. R. Edwards. aLondon :bArnold,c1977 [reprinted 1979]. a59, [1] p. :bill. ;c23 cm.1 aThe Institute of Biology's studies in biology ;vno. 87 aBibliography: p. [60] 0aEvolution (Biology)935188 0vno. 87.936400 0aInstitute of Biology's studies in biology ;936401 2ddccBK c11754d11754 00102ddc40718NFICaRUCLbRUCLcReadingd1983-05-12eHelfers.g2.40l0o575 EDE 1979r2014-01-27 00:00:00tC-1w2014-01-27yBK